[Event "Lima Santisimo op"]
[Site "Lima"]
[Date "2014.08.31"]
[Round "4"]
[White "Vasquez, Cesar"]
[Black "Nanez, Daniel"]
[Result "0-1"]
[WhiteElo "1727"]
[BlackElo "1555"]
[PlyCount "88"]
[EventDate "2014.08.30"]
[EventType "swiss"]
[EventRounds "8"]
[EventCountry "PER"]
[SourceTitle "CBM 162 Extra"]
[Source "ChessBase"]
[SourceDate "2014.10.17"]
[SourceVersion "1"]
[SourceVersionDate "2014.10.17"]
[SourceQuality "1"]

1. e4 c6 2. d4 d5 3. e5 Bf5 4. Ne2 e6 5. Ng3 Bg6 6. Nd2 Nd7 7. Nf3 c5 8. c3 cxd4 9. Qxd4 Bc5 10. Qg4 Qc7 11. Bf4 Ne7 12. Bb5 d4 13. 0-0 dxc3 14. bxc3 0-0 15. h4 Bf5 16. Qg5 Nb6 17. h5 h6 18. Qh4 Nbd5 19. Ne2 a6 20. Ba4 Bd3 21. Ng3 Bxf1 22. Rxf1 Nxf4 23. Qxf4 Nd5 24. Qg4 Nxc3 25. Bc2 Qc6 26. Re1 Nxa2 27. Be4 Qb6 28. Rb1 Nb4 29. Rb2 Rad8 30. Bb1 Rd1+ 31. Kh2 Rxb1 32. Rxb1 a5 33. Ne4 Be7 34. Nf6+ Kh8 35. Ne4 Qc7 36. g3 Qc2 37. Rf1 Nd5 38. Kh3 Rc8 39. Nd4 Qc4 40. Ne2 f5 41. exf6 Nxf6 42. Nxf6 Bxf6 43. Nf4 Qxf1+ 44. Kh2 Qxf2+ 0-1

[Event "Lima Engineers 3rd"]
[Site "Lima"]
[Date "2012.07.21"]
[Round "7.3"]
[White "Rojas, Steven"]
[Black "Vasquez, Cesar"]
[Result "0-1"]
[WhiteElo "1529"]
[BlackElo "1642"]
[PlyCount "74"]
[EventDate "2012.07.16"]
[EventType "swiss"]
[EventRounds "7"]
[EventCountry "PER"]
[SourceTitle "EXT 2024"]
[Source "ChessBase"]
[SourceDate "2023.10.10"]
[SourceVersion "1"]
[SourceVersionDate "2023.10.10"]
[SourceQuality "1"]

1. e4 c5 2. Nf3 d6 3. Bb5+ Nc6 4. Bxc6+ bxc6 5. 0-0 Nf6 6. e5 dxe5 7. Nxe5 Qc7 8. Re1 e6 9. b3 Be7 10. Qf3 Bb7 11. Ba3 Rd8 12. Qe3 Rd5 13. Nc3 Rd4 14. d3 0-0 15. Ne2 Qa5 16. Bb2 Rdd8 17. Qf3 Qc7 18. Ng3 Rd5 19. c4 Rdd8 20. Ne4 Nxe4 21. Rxe4 f6 22. Ng4 f5 23. Rxe6 fxg4 24. Qxg4 Rf7 25. Qe4 Rd6 26. Re1 Rxe6 27. Qxe6 Bc8 28. Qe3 Bf5 29. Ba3 Qd6 30. Rd1 Qd4 31. Qd2 Bd6 32. Bb2 Qh4 33. g3 Qh3 34. Qe3 Re7 35. Qg5 h6 36. Qc1 Bg4 37. f3 Re2 0-1

[Event "Lima Morales Memorial op 2nd"]
[Site "Lima"]
[Date "2012.01.25"]
[Round "5"]
[White "Bustamante, Godofredo"]
[Black "Vasquez, Cesar"]
[Result "1-0"]
[WhiteElo "1936"]
[BlackElo "1665"]
[PlyCount "119"]
[EventDate "2012.01.21"]
[EventType "swiss"]
[EventRounds "9"]
[EventCountry "PER"]
[SourceTitle "EXT 2014"]
[Source "ChessBase"]
[SourceDate "2013.11.20"]
[SourceVersion "1"]
[SourceVersionDate "2013.11.20"]
[SourceQuality "1"]

1. d4 Nf6 2. c4 g6 3. Nc3 Bg7 4. e4 d6 5. Nf3 0-0 6. Be2 e5 7. 0-0 Nc6 8. d5 Ne7 9. b4 Nd7 10. Ne1 f5 11. f3 Nf6 12. Nd3 f4 13. g4 fxg3 14. hxg3 Bh3 15. Rf2 Bd7 16. Rh2 Nh5 17. Kg2 Rf7 18. Be3 a5 19. b5 b6 20. Qd2 Qf8 21. Rah1 Bh8 22. Nd1 Nc8 23. N1f2 Na7 24. Nh3 Bxh3+ 25. Rxh3 Qe7 26. Nf2 Raf8 27. Ng4 Bg7 28. Bg5 Qd7 29. Nh6+ Bxh6 30. Bxh6 Re8 31. Qg5 Ng7 32. Qh4 Ref8 33. g4 Nc8 34. Be3 Ne8 35. Bg5 Ne7 36. Qh6 Rg7 37. Qh4 Rgf7 38. Qg3 Nc8 39. Rh6 Rg7 40. Qh4 Qf7 41. Qh3 Qd7 42. Kf2 Nf6 43. Ke3 Ne8 44. Bf1 Qf7 45. Rh4 Qd7 46. Bh6 Rff7 47. g5 Na7 48. Qxd7 Rxd7 49. Bxg7 Rxg7 50. Bh3 Re7 51. f4 exf4+ 52. Kxf4 Ng7 53. Bg4 Ne8 54. Be6+ Kh8 55. Rh6 Rg7 56. Ke3 Re7 57. Rxg6 Ng7 58. Rf6 Re8 59. Rf7 Nxe6 60. Rfxh7+ 1-0